Statistics for Towns beginning with K: guess the country

Click here to take the quiz!

General Stats

  • This quiz has been taken 17 times
  • The average score is 15 of 20

Answer Stats

QuestionAnswer% Correct
KingstonJamaica
100%
KathmanduNepal
100%
KragujevacSerbia
100%
KingstownSt. Vincent and the Grenadines
100%
KigaliRwanda
94%
KadunaNigeria
88%
Khon KaenThailand
88%
KisanganiD.R. Congo
82%
KisumuKenya
82%
Kyzyl-KiyaKyrgyzstan
82%
KurskRussia
82%
KanazawaJapan
76%
KutaisiGeorgia
65%
KarajIran
59%
KarbalaIraq
59%
KhulnaBangladesh
53%
KavalaGreece
47%
KororPalau
47%
KhujandTajikistan
47%
Kuala BelaitBrunei
24%

Score Distribution

Percentile by Number Answered

Percent of People with Each Score

Your Score History

You have not taken this quiz